Using communication technology : (Record no. 5287)
[ view plain ]
| 000 -LEADER | |
|---|---|
| fixed length control field | 00869cam a22002412 4500 |
| 001 - CONTROL NUMBER | |
| control field | 0000001493 |
| 005 - DATE AND TIME OF LATEST TRANSACTION | |
| control field | 20151217151818.0 |
| 008 - FIXED-LENGTH DATA ELEMENTS--GENERAL INFORMATION | |
| fixed length control field | 070313s xx 000 0 eng d |
| 020 ## - INTERNATIONAL STANDARD BOOK NUMBER | |
| International Standard Book Number | 0333929500 : |
| Terms of availability | KES 9,750 |
| 040 ## - CATALOGING SOURCE | |
| Original cataloging agency | KABU |
| Transcribing agency | KABU |
| 050 #0 - LIBRARY OF CONGRESS CALL NUMBER | |
| Classification number | HC79 |
| Item number | .I55 B83 |
| 100 1# - MAIN ENTRY--PERSONAL NAME | |
| Personal name | Buchel, Bettina S. T. |
| -- | 0000150286 |
| 245 10 - TITLE STATEMENT | |
| Title | Using communication technology : |
| Remainder of title | creating knowledge organizations / |
| Statement of responsibility, etc. | Bettina S. T. Buchel. |
| 260 ## - PUBLICATION, DISTRIBUTION, ETC. (IMPRINT) | |
| Place of publication, distribution, etc. | Houndmills, Basingstoke, Hampshire ; |
| -- | New York : |
| Name of publisher, distributor, etc. | Palgrave, |
| Date of publication, distribution, etc. | 2001. |
| 300 ## - PHYSICAL DESCRIPTION | |
| Extent | xi, 184 p. : |
| Other physical details | ill ; |
| Dimensions | 23 cm. |
| 504 ## - BIBLIOGRAPHY, ETC. NOTE | |
| Bibliography, etc | Includes bibliographical refrences and index. |
| 650 #0 - SUBJECT ADDED ENTRY--TOPICAL TERM | |
| Topical term or geographic name as entry element | Information technology. |
| -- | 0000150287 |
| 650 #0 - SUBJECT ADDED ENTRY--TOPICAL TERM | |
| Topical term or geographic name as entry element | Communication |
| General subdivision | Technological innovations. |
| -- | 0000150288 |
| 650 #0 - SUBJECT ADDED ENTRY--TOPICAL TERM | |
| Topical term or geographic name as entry element | Organization. |
| -- | 0000148288 |
| 908 ## - PUT COMMAND PARAMETER (RLIN) | |
| Put command parameter | 070313 |
| 950 ## - LOCAL HOLDINGS (RLIN) | |
| -- | 1 |
| Withdrawn status | Lost status | Source of classification or shelving scheme | Not for loan | Home library | Current library | Date acquired | Total Checkouts | Full call number | Barcode | Date last seen | Price effective from | Koha item type |
|---|---|---|---|---|---|---|---|---|---|---|---|---|
| Library of Congress Classification | Kabarak, Main Campus | Kabarak, Main Campus | 17/12/2015 | HC79 .I55B83 | 001263 | 02/08/2024 | 17/12/2015 | General Collection |